Southville International School and Colleges
Your cart is empty.
  • Cart
  • Lists
    Public lists Eva Luna New books Lux_list list_1
    Your lists Log in to create your own lists
  • Log in to your account
  • Your cookies
  • Search history
Southville International School and Colleges
  • Advanced search
  • Recent comments
  • Most popular
  • Libraries

Log in to your account

Log in with GOOGLE


If you do not have an external account, but do have a local account, you can still log in:

  1. Home
  2. MARC view: Spot goes to the beach /
Normal view MARC view ISBD view

Spot goes to the beach / (Record no. 105254)

[ view plain ]
MARC details
000 -LEADER
fixed length control field 00456nam a2200169 a 4500
005 - DATE AND TIME OF LATEST TRANSACTION
control field 20140412111348.0
008 - FIXED-LENGTH DATA ELEMENTS--GENERAL INFORMATION
fixed length control field 050421s19uu xx 00 eng d
020 ## - INTERNATIONAL STANDARD BOOK NUMBER
International Standard Book Number 0-399-21247-7
050 ## - LIBRARY OF CONGRESS CALL NUMBER
Classification number ER
Item number Sp68 1985
100 ## - MAIN ENTRY--PERSONAL NAME
Personal name Hill, Eric
245 ## - TITLE STATEMENT
Title Spot goes to the beach /
Statement of responsibility, etc Eric Hill.
260 ## - PUBLICATION, DISTRIBUTION, ETC. (IMPRINT)
Place of publication, distribution, etc New York :
Name of publisher, distributor, etc G. P. Putnam's Sons,
Date of publication, distribution, etc 1985.
300 ## - PHYSICAL DESCRIPTION
Extent 1 v. (unp.) ; ill.
650 ## - SUBJECT ADDED ENTRY--TOPICAL TERM
Topical term or geographic name as entry element Beach
General subdivision Fiction
650 ## - SUBJECT ADDED ENTRY--TOPICAL TERM
Topical term or geographic name as entry element Children stories
Holdings
Withdrawn status Lost status Damaged status Home library Current library Shelving location Date acquired Source of acquisition Total Checkouts Full call number Barcode Date last seen Price effective from Koha item type
      Elizalde Library Elizalde Library Easy Reading Section 04/21/2005     ER Sp68 1985 E9753 04/12/2014 04/12/2014 Books

Spot goes to the beach /

APA

Hill E., . (1985). Spot goes to the beach. New York: G. P. Putnam's Sons.

Chicago

Hill Eric, . 1985. Spot goes to the beach. New York: G. P. Putnam's Sons.

Harvard

Hill E., . (1985). Spot goes to the beach. New York: G. P. Putnam's Sons.

MLA

Hill Eric, . Spot goes to the beach. New York: G. P. Putnam's Sons. 1985.

  • Place hold
  • Print
  • Cite
  • Add to your cart (remove)
  • Save record
    BIBTEX Dublin Core MARCXML MARC (non-Unicode/MARC-8) MARC (Unicode/UTF-8) MARC (Unicode/UTF-8, Standard) MODS (XML) RIS
  • More searches
    Search for this title in:
    Other Libraries (WorldCat) Other Databases (Google Scholar) Online Stores (Bookfinder.com) Open Library (openlibrary.org)

Exporting to Dublin Core...

SOUTHVILLE LIBRARY

Southville International School and Colleges Library

1281 Tropical Ave. Cor. Luxembourg St., BF Homes International, Las Pinas City

Tel. No. 8256374 / 252358 Loc. 117/146

Powered by Koha